000 005840000a22001810004500
003 MACL
005 20160526153231.0
008 160526b xxu||||| |||| 00| 0 eng d
040 _aMACL
_cMACL
041 _aHindi
082 _a800
100 _aभरतिया, कान्ति किशोर
_959843
245 _aसंस्‍कृत नाटककार
_cकान्ति किशोर भरतीया
260 _bहिन्‍दी समिति
_c1968
_aलखनउ
350 _a4.50
650 _aDrama
_959844
942 _cHIN
_k800/BHA/D
_2ddc
999 _c22859
_d22859